000 00306nam a2200121Ia 4500
008 240731s9999 xx 000 0 und d
022 _a2329-9037
245 0 _aJournal of Responsible Innovation
260 _bRoutledge
856 _uhttps://www.tandfonline.com/loi/tjri20
942 _2ddc
942 _cTFEJ
999 _c78143
_d78143
945 _a1
_bMadushi Gamage
_c1
_dMadushi Gamage